[Event "Crawley e2e4 Gatwick op U2050"]
[Site "Crawley"]
[Date "2016.05.29"]
[Round "4"]
[White "McDonnell, James J"]
[Black "Wu, Haotian"]
[Result "1-0"]
[WhiteElo "1948"]
[BlackElo "1780"]
[PlyCount "129"]
[EventDate "2016.05.27"]
[EventType "swiss"]
[EventRounds "7"]
[EventCountry "ENG"]
[SourceTitle "EXT 2019"]
[Source "ChessBase"]
[SourceDate "2018.10.10"]
[SourceVersion "1"]
[SourceVersionDate "2018.10.10"]
[SourceQuality "1"]

1. e4 e6 2. d4 d5 3. Nd2 Nf6 4. e5 Nfd7 5. Bd3 c5 6. c3 Nc6 7. Ne2 cxd4 8. cxd4 f6 9. exf6 Nxf6 10. 0-0 Bd6 11. Nf3 0-0 12. Bf4 Bxf4 13. Nxf4 Qd6 14. g3 Bd7 15. Re1 Rae8 16. Ne5 Nxd4 17. Bxh7+ Nxh7 18. Qxd4 b6 19. Nfg6 Rf6 20. Qh4 Bb5 21. Rad1 Qc5 22. Rd2 Rc8 23. h3 Rc7 24. a3 Be8 25. Nf4 Qa5 26. Rdd1 Rc2 27. Ng4 Qc5 28. Nxf6+ Nxf6 29. Nd3 Qd6 30. Qd4 Bb5 31. Nb4 Rc4 32. Qe3 Re4 33. Qf3 Rxe1+ 34. Rxe1 a5 35. Nd3 Ne4 36. Rd1 Ba4 37. Rc1 Bd7 38. Qf4 Qxf4 39. Nxf4 a4 40. Rc7 Nc5 41. Kf1 Bb5+ 42. Ke1 Bc4 43. f3 e5 44. Nh5 Ne6 45. Rc8+ Kf7 46. g4 g6 47. Ng3 Nd4 48. Kf2 b5 49. h4 Ne6 50. h5 gxh5 51. gxh5 Ng5 52. Rc7+ Kf6 53. Rc6+ Kf7 54. Nf5 Bd3 55. Nd6+ Kg7 56. Rb6 e4 57. f4 Nh3+ 58. Ke3 d4+ 59. Kxd4 Nxf4 60. Nxe4 Bc4 61. h6+ Kh8 62. Ng5 Bg8 63. Rb8 Nd5 64. h7 Nf6 65. hxg8Q+ 1-0

[Event "Crawley e2e4 Gatwick op U2050"]
[Site "Crawley"]
[Date "2016.05.27"]
[Round "1"]
[White "Kyrkjebo, Hannah Bakken"]
[Black "Wu, Haotian"]
[Result "1-0"]
[WhiteElo "1990"]
[BlackElo "1780"]
[PlyCount "109"]
[EventDate "2016.05.27"]
[EventType "swiss"]
[EventRounds "7"]
[EventCountry "ENG"]
[SourceTitle "EXT 2019"]
[Source "ChessBase"]
[SourceDate "2018.10.10"]
[SourceVersion "1"]
[SourceVersionDate "2018.10.10"]
[SourceQuality "1"]

1. e4 e6 2. d3 d5 3. Qe2 Nf6 4. Nf3 Nc6 5. g3 dxe4 6. dxe4 e5 7. Bg2 Bg4 8. c3 Bd6 9. Qc2 h6 10. h3 Be6 11. 0-0 Qd7 12. Kh2 0-0 13. Be3 Rad8 14. Nbd2 Qe7 15. b4 a5 16. a3 b5 17. Nb3 Bc4 18. Rfe1 a4 19. Nc5 Nd7 20. Nxd7 Qxd7 21. Nd2 Be6 22. Rac1 Ne7 23. c4 c6 24. cxb5 cxb5 25. Nf3 Bc4 26. Qb2 Qe6 27. Nd2 Rc8 28. Nxc4 Rxc4 29. Rxc4 Qxc4 30. Rc1 Qe6 31. Bf1 Rb8 32. Bc5 Nc8 33. Be3 Ne7 34. Bd3 f5 35. exf5 Nxf5 36. Bxf5 Qxf5 37. Qd2 Rd8 38. Qd5+ Kh8 39. Qxb5 Qf3 40. Qb6 Qf6 41. Rc6 e4 42. Qb5 Rf8 43. Qc4 Qe7 44. Rc8 Re8 45. Rxe8+ Qxe8 46. Qd5 Bf8 47. Qd4 Kh7 48. Qc3 Qd7 49. Qc4 Qe8 50. b5 Bxa3 51. Qxa4 Bd6 52. Qa6 Qd7 53. b6 Qc6 54. Qa7 Bc5 55. Qc7 1-0

[Event "Hampstead op 34th"]
[Site "Hampstead"]
[Date "2015.11.29"]
[Round "4"]
[White "Brozel, Sacha"]
[Black "Wu, Haotian"]
[Result "1/2-1/2"]
[WhiteElo "1933"]
[BlackElo "1745"]
[PlyCount "80"]
[EventDate "2015.11.28"]
[EventType "swiss"]
[EventRounds "5"]
[EventCountry "ENG"]
[SourceTitle "CBM 169 Extra"]
[Source "ChessBase"]
[SourceDate "2015.12.18"]
[SourceVersion "1"]
[SourceVersionDate "2015.12.18"]
[SourceQuality "1"]

1. d4 e6 2. c4 f5 3. Nf3 Nf6 4. Nc3 Be7 5. g3 d6 6. Bg2 0-0 7. 0-0 a5 8. b3 Ne4 9. Nxe4 fxe4 10. Ne1 d5 11. f3 dxc4 12. bxc4 e5 13. e3 Bf6 14. Bb2 exd4 15. exd4 c5 16. fxe4 cxd4 17. e5 Bxe5 18. Bd5+ Kh8 19. Rxf8+ Qxf8 20. Nd3 Bf6 21. Nf4 Nc6 22. Qh5 Ne5 23. Be4 g6 24. Nxg6+ Nxg6 25. Bxg6 Qe7 26. Rf1 Ra6 27. Ba3 Qg7 28. Bd3 Bd7 29. Bc5 h6 30. Rf4 Re6 31. Kf2 Re5 32. Qf3 Bc6 33. Bf8 Bxf3 34. Bxg7+ Kxg7 35. Rxf3 Bg5 36. h3 b6 37. Kf1 Re3 38. Kf2 Re5 39. Kf1 Re3 40. Kf2 Re5 1/2-1/2

[Event "Hampstead op 34th"]
[Site "Hampstead"]
[Date "2015.11.28"]
[Round "1"]
[White "Wu, Haotian"]
[Black "Oyama, Akito"]
[Result "0-1"]
[WhiteElo "1745"]
[BlackElo "2005"]
[PlyCount "104"]
[EventDate "2015.11.28"]
[EventType "swiss"]
[EventRounds "5"]
[EventCountry "ENG"]
[SourceTitle "CBM 169 Extra"]
[Source "ChessBase"]
[SourceDate "2015.12.18"]
[SourceVersion "1"]
[SourceVersionDate "2015.12.18"]
[SourceQuality "1"]

1. d4 f5 2. Bg5 h6 3. Bh4 g5 4. e4 Rh7 5. Qh5+ Rf7 6. Bc4 d5 7. exd5 Nf6 8. Qg6 Nxd5 9. Nf3 e6 10. Bxg5 hxg5 11. Nxg5 Qf6 12. Qxf7+ Qxf7 13. Nxf7 Kxf7 14. Nd2 b6 15. Nf3 Bb7 16. Ne5+ Kf6 17. f3 Ne3 18. Bd3 Nxg2+ 19. Kf2 Nf4 20. h4 Bd6 21. Rae1 Nc6 22. Nxc6 Bxc6 23. Bc4 Rg8 24. Bb3 Rg2+ 25. Ke3 Be8 26. Rhf1 Rh2 27. Rf2 Ng2+ 28. Rxg2 Rxg2 29. Kd3 Bf7 30. h5 Rh2 31. Re2 Rxe2 32. Kxe2 Bxh5 33. Bc4 e5 34. dxe5+ Bxe5 35. b3 Bf7 36. Bd3 Bd5 37. c4 Bc6 38. Bc2 Kg5 39. Ke3 Bf4+ 40. Kf2 Bd2 41. Ke2 Bc1 42. Bd1 Kf4 43. Kf2 Be3+ 44. Kg2 Bc5 45. a4 Ke3 46. Bc2 Bxf3+ 47. Kg3 Be4 48. Bd1 f4+ 49. Kh2 f3 50. Bxf3 Kxf3 51. Kh3 Bf2 52. b4 Bg3 0-1

[Event "BCF-ch U13"]
[Site "Coventry"]
[Date "2015.07.29"]
[Round "3"]
[White "Wu, Haotian"]
[Black "Jayawarna, Nugith"]
[Result "0-1"]
[WhiteElo "1782"]
[BlackElo "1720"]
[PlyCount "119"]
[EventDate "2015.07.27"]
[EventType "swiss"]
[EventRounds "7"]
[EventCountry "ENG"]
[SourceTitle "CBM 167 Extra"]
[Source "ChessBase"]
[SourceDate "2015.09.14"]
[SourceVersion "1"]
[SourceVersionDate "2015.09.14"]
[SourceQuality "1"]

1. d4 Nf6 2. c4 g6 3. Nc3 Bg7 4. e4 d6 5. f3 0-0 6. Be3 Nc6 7. Bd3 a6 8. Nge2 Nd7 9. 0-0 e5 10. d5 Nd4 11. Bc2 Nxc2 12. Qxc2 f5 13. b4 f4 14. Bf2 g5 15. c5 Qe8 16. c6 bxc6 17. dxc6 Nf6 18. Nd5 Nxd5 19. exd5 Qh5 20. Nc3 Rf6 21. Be1 Rh6 22. g3 e4 23. g4 Qh3 24. Qg2 Bd4+ 25. Kh1 exf3 26. Rxf3 Qxg2+ 27. Kxg2 Bxg4 28. Rd3 Be3 29. Bf2 Bf5 30. Rxe3 fxe3 31. Bxe3 Rh3 32. Bd4 Rd3 33. Rd1 Rxd1 34. Nxd1 Be4+ 35. Kg3 Bxd5 36. Ne3 Bxc6 37. Nf5 Kf7 38. Nh6+ Kg6 39. Ng4 Rf8 40. h3 Rf3+ 41. Kh2 Rd3 42. Ba7 Rd2+ 43. Kg1 Rg2+ 44. Kf1 Rxa2 45. Bb8 Bg2+ 46. Ke1 Bxh3 47. Nf2 Ra1+ 48. Kd2 Bf5 49. Bxc7 d5 50. Be5 Ra2+ 51. Ke3 a5 52. Nd1 Ra3+ 53. Nc3 Be4 54. Kd4 Kf7 55. Bd6 Ra1 56. Ne2 h5 57. Ke3 Kg6 58. Kf2 Ra2 59. Ke3 Kf5 60. Bc5 0-1

[Event "London Golders Green op U1900 4th"]
[Site "London"]
[Date "2014.08.25"]
[Round "6"]
[White "Crouch, Timothy J"]
[Black "Wu, Haotian"]
[Result "0-1"]
[WhiteElo "1663"]
[BlackElo "1728"]
[PlyCount "56"]
[EventDate "2014.08.23"]
[EventType "swiss"]
[EventRounds "6"]
[EventCountry "ENG"]
[SourceTitle "EXT 2018"]
[Source "ChessBase"]
[SourceDate "2017.10.13"]
[SourceVersion "1"]
[SourceVersionDate "2017.10.13"]
[SourceQuality "1"]

1. e4 e6 2. d4 d5 3. e5 c5 4. Bb5+ Nc6 5. c3 Bd7 6. Nf3 Nxe5 7. Bg5 Nxf3+ 8. Qxf3 Qxg5 9. Bxd7+ Kxd7 10. Qd1 Ne7 11. 0-0 Nc6 12. Qb3 Rb8 13. f4 Qd8 14. f5 Qb6 15. fxe6+ fxe6 16. Nd2 Qxb3 17. Nxb3 Be7 18. dxc5 Rhf8 19. Rfd1 a5 20. Kh1 a4 21. Nd4 Nxd4 22. cxd4 Rf6 23. Rd2 Rbf8 24. Kg1 Rf5 25. b4 axb3 26. axb3 Bf6 27. c6+ bxc6 28. Ra7+ Kd6 0-1